000 01085nam a2200277 i 4500
003 IT-RoINE
005 20230417130159.0
008 190308s2018 sp |r||||o001 | cat d
020 _a9788491910329
040 _aSpMaBN
_bspa
_cSpMaBN IT-RoINE
_erda
_dIT-RoINE
100 1 _aTarragó, Guillem,
_d1985-
_971856
245 1 0 _aTeoria i historiografia de l'art a la Catalunya del segle XIX /
_cGuillem Tarragó Valverde ; pròleg de Mireia Freixa
260 _aBarcelona :
_bPublicacions de l'Abadia de Montserrat,
_c2018.
300 _a198 p. ;
_c22 cm.
336 _aTexto
_2rdacontent
337 _2rdamedia
_aunmediated
338 _2rdacarrier
_avolume
490 1 _aTextos i estudis de cultura catalana ;
_v227
500 _aIncluye índice.
504 _aBibliografía: p. 169-194.
650 4 _aHistoriografía
_zEspaña
_zCataluña
_913733
_xHistoria
650 4 _aArte
_zEspaña
_zCataluña
_ySiglo 19o.
_971857
700 1 _aFreixa, Mireia,
_d1948-
_971858
830 0 _927714
_aTextos i estudis de cultura catalana (Publicacions de l'Abadia de Montserrat)
_v227
942 _cMTS
999 _c37239
_d37239